| 000 | 00732nam a22001815i 4500 | ||
|---|---|---|---|
| 001 | 161137 | ||
| 003 | ES-MaACL | ||
| 005 | 20230906212212.0 | ||
| 008 | 041020s1899 sp |||| | spa d | ||
| 040 |
_aCAM _bspa _cCAM |
||
| 100 | 1 |
_aOssé, Juano. _9130734 |
|
| 245 | 1 | 3 |
_aLa primera representción de la ópera La Torre de Babel / _cpor Juano Ossé. |
| 260 |
_aSevilla : _b[s.n.], _c1899 ( _fEstablecimiento tipográfico de Enrique Bergali) |
||
| 300 |
_a52 p. ; _c22 cm. |
||
| 594 | _aPrecede al tit.: Término probable del Arte Músico. | ||
| 594 | _aJuano Ossé es anagrama de José Osuna. | ||
| 852 |
_aES-MaACL _jFol-Laf-305 _z-- Rust. _z-- Legado M. de la Fuente _z-- Dedicatoria de José Osuna al Heraldo de Madrid, 1899 |
||
| 999 |
_c161137 _d161137 |
||